Accions! : programa per captar nous públics : informe 2008 i 2009 programa per captar nous públics :
Publicado:
Barcelona :
Diputació de Barcelona. Àrea de Cultura. Oficina de Difusió Artística, [2010]
Descripción Física:
25 p. : il. col. ; 29 cm
MARC
| LEADER | 00000nam a2200000Ia 4500 | ||
|---|---|---|---|
| 001 | 23877 | ||
| 008 | 160829s9999 xx 000 0 cat d | ||
| 080 | |a FU-63-2 | ||
| 245 | |a Accions! : |b programa per captar nous públics : |b informe 2008 i 2009 | ||
| 260 | |a Barcelona : |b Diputació de Barcelona. Àrea de Cultura. Oficina de Difusió Artística, [2010] | ||
| 300 | |a 25 p. : |b il. col. ; |c 29 cm | ||
| 650 | 0 | |a Arts de l'espectacle |z Barcelona (Catalunya : Província) |9 46568 | |
| 650 | |a Concerts |x Barcelona (Província) |9 46569 | ||
| 650 | |a Difusió cultural |x Barcelona (Província) |9 46570 | ||
| 710 | 1 | |a Barcelona (Catalunya : Província). |b Oficina de Difusió Artística |9 52669 | |
| 901 | |a Arxiu | ||
| 942 | |n 1 | ||
| 952 | |0 0 |1 0 |4 0 |6 FU632 |7 1 |9 55264 |a Arxiu |b Arxiu |d 2016-12-01 |l 0 |o FU-63-2 |p 23877 |r 2016-12-01 00:00:00 |w 2016-12-01 |y ARXIU | ||
| 999 | |c 59137 |d 59137 | ||